000 00298nam a2200133Ia 4500
005 20251222140026.0
008 251222s1900||||xx |||||||||||||| ||spa||
020 _a84-206-5805-7
082 _a121.2/K21
100 _aKant, Immanuel
245 0 _aAntropología:
264 _bAlianza
942 _cLIB
999 _c2782
_d2782